[Event "Baden-ch"]
[Site "Haslach im Kinzigtal"]
[Date "2010.06.04"]
[Round "7"]
[White "Wieland, Oliver"]
[Black "Schwing, Hans Elmar"]
[Result "1/2-1/2"]
[WhiteElo "2060"]
[BlackElo "2308"]
[PlyCount "110"]
[EventDate "2010.05.31"]
[EventType "swiss"]
[EventRounds "9"]
[EventCountry "GER"]
[SourceTitle "EXT 2011"]
[Source "ChessBase"]
[SourceDate "2010.11.26"]
[SourceVersion "1"]
[SourceVersionDate "2010.11.26"]
[SourceQuality "1"]

1. e4 e6 2. Qe2 c5 3. Nc3 Nc6 4. g3 g6 5. Bg2 Bg7 6. d3 Nge7 7. f4 d6 8. Nf3 0-0 9. 0-0 Nd4 10. Qf2 Nec6 11. Nd1 Nxf3+ 12. Qxf3 Bd7 13. c3 b5 14. a3 Rb8 15. g4 a5 16. Qg3 f5 17. h3 Kh8 18. Kh2 b4 19. axb4 axb4 20. Bd2 bxc3 21. bxc3 Na5 22. Be1 fxe4 23. dxe4 Nc4 24. Rf2 g5 25. Kh1 gxf4 26. Rxf4 Rxf4 27. Qxf4 Ne5 28. Qd2 Bb5 29. Bg3 Nc4 30. Qa2 Qe8 31. Rb1 Ne5 32. Qa7 Rd8 33. Qc7 Qd7 34. Qb6 Bc6 35. Ra1 Nc4 36. Qb3 d5 37. Qa2 Ne5 38. Qa5 Nd3 39. Qb6 Rc8 40. Ra7 Qe8 41. Nb2 Nxb2 42. Qxb2 dxe4 43. Qe2 Bxc3 44. Bxe4 Bxe4+ 45. Qxe4 Qc6 46. Rxh7+ Kg8 47. Qxc6 Rxc6 48. Rc7 Rxc7 49. Bxc7 c4 50. Kg2 e5 51. Kf3 Kf7 52. Bb6 Ke6 53. Ke4 Bb2 54. Be3 c3 55. Kd3 e4+ 1/2-1/2

[Event "Baden-ch"]
[Site "Haslach im Kinzigtal"]
[Date "2010.06.03"]
[Round "5"]
[White "Wieland, Oliver"]
[Black "Bader, Gerd"]
[Result "1-0"]
[WhiteElo "2060"]
[BlackElo "2045"]
[PlyCount "73"]
[EventDate "2010.05.31"]
[EventType "swiss"]
[EventRounds "9"]
[EventCountry "GER"]
[SourceTitle "EXT 2011"]
[Source "ChessBase"]
[SourceDate "2010.11.26"]
[SourceVersion "1"]
[SourceVersionDate "2010.11.26"]
[SourceQuality "1"]

1. e4 d6 2. d4 Nf6 3. Nc3 Nbd7 4. f3 e5 5. Be3 c6 6. Qd2 b5 7. d5 b4 8. dxc6 bxc3 9. cxd7+ Bxd7 10. Qxc3 Be7 11. Bc4 0-0 12. Ne2 Rc8 13. Qd3 Qc7 14. Bb3 Bc6 15. Nc3 Qa5 16. 0-0-0 Rfd8 17. h4 Rd7 18. Bg5 d5 19. exd5 Rcd8 20. Bxf6 Bxf6 21. Qf5 Bb7 22. g4 e4 23. Nxe4 Bxd5 24. Nxf6+ gxf6 25. c4 Qc7 26. Qxf6 Bxc4 27. Rxd7 Rxd7 28. Qc3 Qf4+ 29. Kb1 Bxb3 30. Qc8+ Kg7 31. Qxd7 Qxf3 32. Qd4+ f6 33. Qxa7+ Bf7 34. Rg1 Kg6 35. g5 Qe4+ 36. Ka1 Qd5 37. gxf6+ 1-0

[Event "Baden-ch"]
[Site "Haslach im Kinzigtal"]
[Date "2010.05.31"]
[Round "1"]
[White "Wieland, Oliver"]
[Black "Tschann, Stephan"]
[Result "1/2-1/2"]
[WhiteElo "2060"]
[BlackElo "2214"]
[PlyCount "49"]
[EventDate "2010.05.31"]
[EventType "swiss"]
[EventRounds "9"]
[EventCountry "GER"]
[SourceTitle "EXT 2011"]
[Source "ChessBase"]
[SourceDate "2010.11.26"]
[SourceVersion "1"]
[SourceVersionDate "2010.11.26"]
[SourceQuality "1"]

1. e4 c5 2. Nf3 d6 3. d4 cxd4 4. Nxd4 Nf6 5. Nc3 e6 6. Be3 Be7 7. f3 0-0 8. Qd2 Nc6 9. 0-0-0 d5 10. exd5 Nxd5 11. Nxd5 Qxd5 12. Nxc6 Qxc6 13. Bd3 Qa4 14. Kb1 e5 15. b3 Qc6 16. Qa5 Qf6 17. h4 Bd8 18. Qa4 Bb6 19. Bg5 Qe6 20. Qe4 f5 21. Qe2 Kh8 22. Bc4 Qe8 23. Bb5 Qe6 24. Bc4 Qe8 25. Bb5 1/2-1/2

[Event "Verbandsliga Sued Baden 0910"]
[Site "Germany"]
[Date "2010.03.07"]
[Round "7.5"]
[White "Fischer, Thorsten"]
[Black "Wieland, Oliver"]
[Result "0-1"]
[WhiteElo "2204"]
[BlackElo "2060"]
[PlyCount "64"]
[EventDate "2009.10.11"]
[EventType "team-tourn"]
[EventRounds "9"]
[EventCountry "GER"]
[SourceTitle "EXT 2011"]
[Source "ChessBase"]
[SourceDate "2010.11.26"]
[SourceVersion "1"]
[SourceVersionDate "2010.11.26"]
[SourceQuality "1"]
[WhiteTeam "Dreilaendereck"]
[BlackTeam "Lahr"]
[WhiteTeamCountry "GER"]
[BlackTeamCountry "GER"]

1. e4 c5 2. c3 Qa5 3. Nf3 Nc6 4. Na3 Nf6 5. e5 Nd5 6. Bc4 Nb6 7. 0-0 Nxc4 8. Nxc4 Qc7 9. Qe2 e6 10. d4 b5 11. Ne3 b4 12. Rd1 a5 13. Ng5 d5 14. exd6 Bxd6 15. Nd5 Qb8 16. dxc5 Bxh2+ 17. Kh1 Be5 18. Nb6 Ra7 19. Qf3 Rc7 20. cxb4 axb4 21. a3 h6 22. Ne4 0-0 23. axb4 Nxb4 24. Ra4 Nd5 25. Qh5 Nxb6 26. cxb6 Rd7 27. Rxd7 Bxd7 28. Rb4 f5 29. Nc5 Qd6 30. Rc4 Re8 31. Qe2 Bb5 32. Nb7 Bxc4 0-1

[Event "Baden-ch op"]
[Site "Badenweiler"]
[Date "2009.07.06"]
[Round "9"]
[White "Scherer, Max"]
[Black "Wieland, Oliver"]
[Result "1-0"]
[WhiteElo "2262"]
[BlackElo "1984"]
[PlyCount "47"]
[EventDate "2009.06.01"]
[EventType "swiss"]
[EventRounds "9"]
[EventCountry "GER"]
[SourceTitle "EXT 2010"]
[Source "ChessBase"]
[SourceDate "2010.11.25"]
[SourceVersion "1"]
[SourceVersionDate "2010.11.25"]
[SourceQuality "1"]

1. c4 e6 2. b3 d5 3. Bb2 Nf6 4. e3 b6 5. f4 Bb7 6. Nf3 c5 7. Be2 Nc6 8. 0-0 Be7 9. d3 0-0 10. Na3 a6 11. Qe1 Ng4 12. Nc2 Bf6 13. d4 Nh6 14. h3 cxd4 15. exd4 dxc4 16. bxc4 Nf5 17. Rd1 b5 18. g4 Nh4 19. g5 Nxf3+ 20. Bxf3 Be7 21. d5 exd5 22. cxd5 Bc5+ 23. Kg2 Na5 24. Qc3 1-0

[Event "Baden-ch MT"]
[Site "Oberwinden"]
[Date "2007.04.14"]
[Round "11"]
[White "Wieland, Oliver"]
[Black "Richter, Klaus"]
[Result "1-0"]
[WhiteElo "1884"]
[BlackElo "2106"]
[PlyCount "63"]
[EventDate "2007.04.06"]
[EventType "swiss"]
[EventRounds "11"]
[EventCountry "GER"]
[SourceTitle "CBM 117 Extra"]
[Source "ChessBase"]
[SourceDate "2007.05.09"]
[SourceVersion "1"]
[SourceVersionDate "2007.05.09"]
[SourceQuality "1"]

1. e4 d5 2. exd5 Qxd5 3. Nc3 Qd6 4. d4 Nf6 5. Nf3 a6 6. g3 e6 7. Bg2 Be7 8. 0-0 0-0 9. Bf4 Qd8 10. Qe2 Nbd7 11. Rfd1 c6 12. a3 Nd5 13. Bd2 Nxc3 14. Bxc3 Qc7 15. Bd2 Re8 16. b4 b6 17. c4 Bb7 18. Rac1 Bf6 19. Bf4 Qd8 20. Ne5 Bxe5 21. dxe5 Qc7 22. Rd6 Nf8 23. c5 b5 24. Rcd1 a5 25. h4 axb4 26. axb4 Ra4 27. R1d4 Ba8 28. h5 Ra1+ 29. Kh2 Qa7 30. Qg4 Kh8 31. Bg5 h6 32. Bf6 1-0

[Event "Baden-ch MT"]
[Site "Oberwinden"]
[Date "2007.04.12"]
[Round "9"]
[White "Zieger, Bernd"]
[Black "Wieland, Oliver"]
[Result "1-0"]
[WhiteElo "1988"]
[BlackElo "1884"]
[PlyCount "66"]
[EventDate "2007.04.06"]
[EventType "swiss"]
[EventRounds "11"]
[EventCountry "GER"]
[SourceTitle "CBM 117 Extra"]
[Source "ChessBase"]
[SourceDate "2007.05.09"]
[SourceVersion "1"]
[SourceVersionDate "2007.05.09"]
[SourceQuality "1"]

1. e4 c5 2. Nf3 d6 3. d4 cxd4 4. Nxd4 Nf6 5. Nc3 a6 6. Bc4 e6 7. Bb3 b5 8. f4 Be7 9. f5 b4 10. Na4 e5 11. Ne2 Bb7 12. Ng3 0-0 13. Bg5 Nxe4 14. Bxe7 Qxe7 15. Nxe4 Bxe4 16. Bd5 Bxd5 17. Qxd5 Nd7 18. 0-0-0 Nc5 19. Nb6 Rab8 20. Nc4 Rfd8 21. Rhf1 Rb5 22. f6 gxf6 23. Qf3 d5 24. Ne3 Ne4 25. Nf5 Qf8 26. Qh5 Kh8 27. Rd3 Rd7 28. Re1 Rc7 29. Kb1 Nc3+ 30. Ka1 Ra5 31. bxc3 bxc3 32. Rf3 Qg8 33. Rg3 Qf8 1-0